<?xml version="1.0" encoding="UTF-8"?><collection xmlns="info:lc/xmlns/marcxchange-v2"><record format="Unimarc" type="bibliographic"><leader>00657cam  2200241   450 </leader><controlfield tag="001">1718044</controlfield><controlfield tag="003">http://id.bnportugal.gov.pt/bib/porbase/1718044</controlfield><controlfield tag="005">20030626073600.0</controlfield><datafield ind1=" " ind2=" " tag="010"><subfield code="a">0-387-90138-8</subfield></datafield><datafield ind1=" " ind2=" " tag="035"><subfield code="9">29283</subfield></datafield><datafield ind1=" " ind2=" " tag="095"><subfield code="a">PTBN00943582</subfield></datafield><datafield ind1=" " ind2=" " tag="100"><subfield code="a">19800917d1975    k  y0pory0103    ba</subfield></datafield><datafield ind1="0" ind2=" " tag="101"><subfield code="a">eng</subfield></datafield><datafield ind1=" " ind2=" " tag="102"><subfield code="a">US</subfield></datafield><datafield ind1="1" ind2=" " tag="200"><subfield code="a">Real and abstrct analysis</subfield></datafield><datafield ind1=" " ind2=" " tag="210"><subfield code="a">New York</subfield><subfield code="c">Springer</subfield><subfield code="d">1975</subfield></datafield><datafield ind1=" " ind2=" " tag="215"><subfield code="a">X, 476 p</subfield></datafield><datafield ind1="2" ind2=" " tag="225"><subfield code="a">Graduate texts in mathematics</subfield><subfield code="v">25</subfield></datafield><datafield ind1=" " ind2=" " tag="675"><subfield code="a">517.51</subfield><subfield code="v">med</subfield><subfield code="z">eng</subfield><subfield code="3">331763</subfield></datafield><datafield ind1=" " ind2=" " tag="675"><subfield code="a">517.98</subfield><subfield code="v">med</subfield><subfield code="z">eng</subfield><subfield code="3">331396</subfield></datafield><datafield ind1=" " ind2="1" tag="700"><subfield code="a">Hewitt</subfield><subfield code="b">Edwin</subfield><subfield code="3">553990</subfield></datafield><datafield ind1=" " ind2="1" tag="701"><subfield code="a">Stromberg</subfield><subfield code="b">Karl Robert</subfield><subfield code="4">070</subfield><subfield code="3">610866</subfield></datafield><datafield ind1=" " ind2="0" tag="801"><subfield code="a">PT</subfield><subfield code="b">BN</subfield><subfield code="g">RPC</subfield></datafield><datafield ind1=" " ind2=" " tag="977"><subfield code="1">28A/HEW</subfield><subfield code="2">coop</subfield><subfield code="4">UCMA</subfield><subfield code="6">efalt221554</subfield><subfield code="7">bc</subfield><subfield code="8">coop</subfield><subfield code="9">UCMA</subfield><subfield code="b">12122</subfield><subfield code="k">0</subfield></datafield><datafield ind1=" " ind2=" " tag="998"><subfield code="a">CMA18-823</subfield></datafield></record></collection>